Most streamed songs : The Beatles - Statistics

General Stats
  • This quiz has been taken 147 times
    33 since last reset
  • The average score is 6 of 10
Answer Stats
Streams Song % Correct
720 500 000 Hey Jude
87%
895 000 000 Let It Be
80%
454 500 000 Something
77%
821 500 000 Yesterday
73%
1 738 000 000 Here Comes The Sun
63%
911 500 000 Come Together
60%
638 000 000 Blackbird
50%
577 000 000 In My Life
37%
509 500 000 I Want To Hold Your Hand
23%
643 500 000 Twist And Shout
23%
No matching quizzes found
Score Distribution
Percent of People with Each Score
Percentile by Number Answered
Your Score History
You have not taken this quiz since the last reset